Kybernetika

Saved in:
Bibliographic Details
Main Author: Hájek, Miloslav
Corporate Author: Vysoká škola chemicko-technologická v Praze
Other Authors: Michal, Jan
Format: Book
Language:Czech
Published: Praha Státní nakladatelství technické literatury 1986
Edition:2. oprav. vyd.
Tags: Add Tag
No Tags, Be the first to tag this record!

MARC

LEADER 00000nam a2200000 4500
001 c041249
005 20221220071854.9
041 0 |a cze 
044 |a CZ 
245 1 0 |a Kybernetika  |c Miloslav Hájek, Jan Michal 
250 |a 2. oprav. vyd. 
264 1 |a Praha  |b Státní nakladatelství technické literatury  |c 1986 
300 |a 267 s. 
100 1 |a Hájek, Miloslav 
700 1 |a Michal, Jan 
710 2 |a Vysoká škola chemicko-technologická v Praze